| 000 | 01457cam a2200253 4500 | ||
|---|---|---|---|
| 001 | ##L131513 | ||
| 002 | ##9213 | ||
| 008 | 051110n2005 000 0 eng u | ||
| 020 | _a1904388558 | ||
| 035 | _a(Sirsi) u131513 | ||
| 041 | _a690 $2 18 | ||
| 110 | 2 |
_aCollege of Estate Management _9400 |
|
| 245 | 0 | 0 |
_aBuilding technology _blow rise residential techniques |
| 260 |
_aReading _bCollege of Estate Management _c2005 |
||
| 300 |
_a1 _fv. (loose-leaf) _c30cm. + _e1 book (vii, 320p. : ill., 30cm.) and 1 booklet (158p. : ill., 30cm.) |
||
| 350 | _a125 | ||
| 490 | 0 |
_aCollege of Estate Management Distance Learning Study Material for Licensed Home Inspectors _vLHI1 |
|
| 505 | 2 | _aCommunication methods -- External environment -- Internal environment: comfort factors -- Properties and performance standards -- Design methods -- Components used in construction -- Assemblies -- Finishes -- Services -- External works | |
| 520 | _aThe first in a new series aimed at those seeking to qualify as a home inspector this distance learning pack covers all aspects of construction design. Details of expected learning outcomes are provided the papers, all of which are illustrated with working details and diagrams. | ||
| 520 | _aIncludes "The construction of houses" (ISBN 0728203332), which is available to borrow seperately, and "Glossary of building technology" | ||
| 590 | _aIKA170106 | ||
| 690 | _aBUILT ENVIRONMENT-BUILDING ELEMENTS | ||
| 942 | _n0 | ||
| 999 |
_c104777 _d104777 |
||